LEADER 01236nam a2200325 u 4500 001 000000060845 003 CaOOAMICUS 005 20070226120946.0 008 010802s1986 it u000 u ita u 020 $a8810940067 035 $a10899478 040 $aPUL(R)$bita 041 1 $aita$hfre 100 1 $aRey-Mermet, Théodule,$cC.SS.R.,$d1910-2002.$0(OLS)http://pul/name/41181 240 10$aPour une redécouverte de la morale.$lItaliano.$0(OLS)http://pul/title/81306 245 13$aLa fede riproposta dal Vaticano II /$cTh. Rey-Mermet. 260 $aBologna :$bEDB,$c1986. 300 $a456 p. ;$c21 cm 490 1 $aCredere ;$v5 500 $aComprende indici. 500 $aBibliografia in nota. 650 4$aTeologia morale.$0(OLS)http://pul/subject/1500 830 0$aCredere ;$v5.$0(OLS)http://pul/title/81300 850 $aPUL 852 $aPUL$W1$xSL Religione 1$y3$m57 C 41$j79360$nBK-PRI$b $qStampati$B79360$CPULBib$Z2$F79360 $H $81 941 1 $a8 961 $aINV: 56151 996 $6020$a8810940067$9(OLS)http://pul/number/78679 996 $6245$aLa fede riproposta dal Vaticano II$9(OLS)http://pul/title/81305 996 $6260$aBologna :$bEDB$9(OLS)http://pul/publisher/56073 LEADER 01410nam a2200337 u 4500 001 000000070515 003 CaOOAMICUS 005 20090707160838.0 008 020509s1991 it u000 u ita u 020 $a8831140418 035 $a10929198 040 $aPUL(R)$bita 041 1 $aita$hcat 100 1 $aRaimundus Lullus,$cbeato,$d1233/35-1315.$0(OLS)http://pul/name/3716 240 10$aLlibre d'amic e amat.$lItaliano.$0(OLS)http://pul/title/92954 245 13$aIl libro dell'amico e dell'amato :$bdialoghi mistici /$cRaimondo Lullo ; introduzione di Josep Peparnau. 260 $aRoma :$bCittà Nuova,$c1991. 300 $a109 p. ;$c20 cm 490 1 $aSpiritualità nei secoli ;$v41 830 0$aSpiritualità nei secoli ;$v41.$0(OLS)http://pul/title/37987 850 $aPUL 852 $aPUL$W1$xDP1 Cons. Gen., Altre Classi 1$y22$m481 D 23$j91229$nBK-PRI$qStampati$B91229$CPULBib$Z2$F91229 $H66513 $82 900 $aLull, Ramòn,$d1235-1315$93716 900 $aRaymundus Lullus,$d1235-1315$93716 900 $aRaimondo Lullo,$d1235-1315$93716 900 $aLullo, Raimondo,$d1235-1315$93716 941 1 $a8 961 $aINV: 66513 996 $6020$a8831140418$9(OLS)http://pul/number/91199 996 $6245$aIl libro dell'amico e dell'amato :$bdialoghi mistici$9(OLS)http://pul/title/92955 996 $6260$aRoma :$bCittà Nuova$9(OLS)http://pul/publisher/47927